Vlastníctvo bytov

Gespeichert in:
Bibliographische Detailangaben
1. Verfasser: Valachovič, Marek
Format: Buch
Sprache:Slowakisch
Veröffentlicht: Bratislava C. H. Beck 2015
Schriftenreihe:Právne inštitúty
Schlagworte:
Tags: Tag hinzufügen
Keine Tags, Fügen Sie das erste Tag hinzu!

MARC

LEADER 00000nam a2200000 4500
001 0237828
005 20240314094631.5
020 |a 978-80-89603-38-1 
041 0 |a slo 
044 |a SK 
245 1 0 |a Vlastníctvo bytov  |c Marek Valachovič 
264 1 |a Bratislava  |b C. H. Beck  |c 2015 
300 |a 296 s. 
490 1 |a Právne inštitúty 
830 0 |a Právne inštitúty 
610 2 0 |a vlastníctvo 
610 2 0 |a byty 
610 2 0 |a nehnuteľnosti 
610 2 0 |a politika bytová 
610 2 0 |a fond bytový 
610 2 0 |a vlastníci 
610 2 0 |a právo občianske 
610 2 0 |a porovnanie medzinárodné 
100 1 |a Valachovič, Marek